000
00506nam a2200169Ia 4500
008
090711s9999 xx 000 0 und d
082
_b
52580
100
_a
ढसाळ नामदेव ल.
245
_a
हाडकी हाडवळा
260
_c
1981
300
_a
126
600
_a
ढसाळ नामदेव ल.
630
_a
हाडकी हाडवळा
700
_a
ढसाळ नामदेव ल.
730
_a
हाडकी हाडवळा
942
_c
BOOK
999
_c
301976
_d
301976